Score 0/22 Timer 03:00
0 Plays Today
Hint 5-Letter Word % Correct
O► Boston _____ Pie ◄OCREAM
96.4%
Where you blushCHEEK
95.4%
Express gratitudeTHANK
93.4%
Small streamCREEK
93.4%
Harsh scraping sound of aging woodCREAK
90.4%
Where Kanga keeps RooPOUCH
89%
Who'd have ____ it?THUNK
88.9%
A hockey players hitCHECK
88.9%
Homemade (or prison-made) knifeSHANK
88%
O► Triple Caramel _____ ◄OCHUNK
87.8%
O► _____ Cobbler ◄OPEACH
87.7%
Hint 5-Letter Word % Correct
Boil an eggPOACH
87.4%
Toss away carelesslyCHUCK
87.3%
O► Chocolate Chip Cookie _____ ◄ODOUGH
81.2%
O► AmeriCone _____ ◄ODREAM
81.2%
A simple cabinSHACK
80.1%
O► Late Night _____ ◄OSNACK
75.6%
A location, generallyPLACE
75.4%
Not tautSLACK
75%
O► Imagine Whirled ____ ◄OPEACE
72.5%
Mass murderer James Edward or Steeler ErniePOUGH
71.5%
Former Scottish coin worth less than a pennyPLACK
63.2%

Today's Daily Dose

Missing Word
The Unexplained

Quick Pick
Sunday Things

Get the Picture
Beat It or Eat It?

You're not logged in!

Compare scores with friends on all Sporcle quizzes.
OR
Log In

Sporcle TV

Today on Sporcle TV


Watch our educational content, quiz creation guides, and fun videos on Sporcle TV.

Show Comments

Extras

Top Quizzes Today


Score Distribution

Paid Content

Your Account Isn't Verified!

In order to create a playlist on Sporcle, you need to verify the email address you used during registration. Go to your Sporcle Settings to finish the process.

Report this User

Report this user for behavior that violates our Community Guidelines.

Details: